|
|
|
|
| LEADER |
00000cam a2200000 a 4500 |
| 001 |
vtls010583807 |
| 003 |
SK-MaSNL |
| 005 |
20260301225208.0 |
| 008 |
240314s2013 xo ab e n 000 0 slo |
| 015 |
|
|
|a SNBA2014/07
|
| 020 |
|
|
|a 9788055211299
|q (viaz.)
|
| 035 |
|
|
|a 37B66F4E-0819-417A-B02C-A23984571ED0
|
| 035 |
|
|
|a urn:nbn:sk:snk-amkc5m
|
| 035 |
|
|
|a urn:nbn:sk:snk-am003qoz
|
| 040 |
|
|
|a SNK
|b slo
|c SNK
|e AACR2
|
| 041 |
0 |
|
|a slo
|
| 044 |
|
|
|a xo
|c SK
|
| 072 |
|
7 |
|a 631
|x Poľnohospodárstvo. Pedológia. Agrotechnika. Agroekológia
|2 konspekt
|
| 080 |
|
|
|a 631.4-021.465
|2 2001
|
| 080 |
|
|
|a 631.111.3
|2 2001
|
| 080 |
|
|
|a 332.6
|2 2001
|
| 080 |
|
|
|a 332.3
|2 2001
|
| 080 |
|
|
|a (075.8)
|2 2001
|
| 100 |
1 |
|
|a Streďanská, Anna
|4 aut
|9 16544
|
| 245 |
1 |
0 |
|a Bonitácia a cena pôdy v pozemkových úpravách
|c Anna Streďanská, Zlatica Muchová, Ľubomír Konc
|
| 250 |
|
|
|a 1. vyd.
|
| 260 |
|
|
|a Nitra
|b Slovenská poľnohospodárska univerzita
|c 2013
|
| 300 |
|
|
|a 228 s.
|b mp., tab.
|c 22 cm
|
| 366 |
|
|
|e 200 výt.
|
| 504 |
|
|
|a Bibliogr.: s. 221-228 ; zoz. obr., tab., skrat. a značiek
|
| 650 |
0 |
7 |
|a kvalita pôdy
|2 SNKPH
|9 73797
|
| 650 |
0 |
7 |
|a bonitácia pôdy
|2 SNKPH
|9 79987
|
| 650 |
0 |
7 |
|a hodnota pôdy
|2 SNKPH
|9 70882
|
| 650 |
0 |
7 |
|a pozemkové úpravy
|2 SNKPH
|9 29536
|
| 650 |
0 |
7 |
|a Soil quality
|2 SNKPHeng
|9 326637
|
| 650 |
0 |
7 |
|a Soil bonity
|2 SNKPHeng
|9 329646
|
| 650 |
0 |
7 |
|a Land value
|2 SNKPHeng
|9 371651
|
| 650 |
0 |
7 |
|a Reallocation of land
|2 SNKPHeng
|9 326153
|
| 655 |
|
7 |
|a učebnice vysokých škôl
|2 SNKPH
|9 70191
|
| 655 |
|
7 |
|a Textbooks (higher)
|2 SNKPHeng
|9 276436
|
| 700 |
1 |
|
|a Muchová, Zlatica,
|d 1972-
|4 aut
|9 210851
|
| 700 |
1 |
|
|a Konc, Ľubomír,
|d 1974-
|4 aut
|9 49444
|
| 852 |
|
|
|a Štátna vedecká knižnica v Banskej Bystrici
|
| 919 |
|
|
|a 978-80-552-1129-9
|
| 958 |
|
|
|a NB
|
| 999 |
|
|
|c 950023
|d 951953
|
| 952 |
|
|
|a SNK
|b SNK
|y PREZ
|7 0
|p 17A1107021
|o snkSC 158765
|i snk2014/7670
|8 0
|0 0
|1 0
|4 0
|d 2014-03-24
|f 1
|l 0
|r 2025-08-21 00:00:00
|w 2026-02-24
|
| 952 |
|
|
|a SNK
|b SNK
|y VYP
|7 0
|p 17A1107022
|o snkSC 158765 D1
|i snk2014/7671
|8 0
|0 0
|1 0
|4 0
|d 2014-03-24
|l 0
|r 2026-02-24 09:45:46
|w 2026-02-24
|